| 000 | 00472cam a22001457a 4500 | ||
|---|---|---|---|
| 999 |
_c504053 _d504053 |
||
| 008 | 180718b2012 xxu||||| |||| 00| 0 eng d | ||
| 082 | _aYx54 J199s | ||
| 100 |
_aJain, Hansa _911598 |
||
| 245 |
_aStatus of natural resources and socio-economic indicators _cby Hansa Jain |
||
| 260 |
_aAhmedabad _bSardar patel institute of economic and social research _c2012 |
||
| 300 | _a33p. | ||
| 500 | _aWorking paper 9 | ||
| 650 |
_aNatural resources -- India. _911599 |
||
| 942 | _2ddc | ||